|
|
|
|
| LEADER |
00000nam0a2200000 4500 |
| 001 |
36324 |
| 005 |
20231101210350.0 |
| 010 |
|
|
|a 5030020268
|
| 035 |
|
|
|a (RuTPU)RU\TPU\book\36794
|
| 035 |
|
|
|a BOOK00003446
|
| 090 |
|
|
|a 36324
|
| 100 |
|
|
|a 20011210d1991 k y0rusy50 ca
|
| 101 |
1 |
|
|a rus
|c eng
|
| 102 |
|
|
|a RU
|
| 105 |
|
|
|a a z 000zy
|
| 200 |
1 |
|
|a Активационный анализ с использованием заряженных частиц
|e пер. с англ.
|f К. Вандекастеле
|
| 210 |
|
|
|a Москва
|c Мир
|d 1991
|
| 215 |
|
|
|a 208 с.
|c ил.
|
| 606 |
1 |
|
|a Активационный анализ
|2 stltpush
|3 (RuTPU)RU\TPU\subj\1659
|9 30391
|
| 610 |
1 |
|
|a физика
|
| 610 |
1 |
|
|a радиохимия
|
| 610 |
1 |
|
|a заряженные частицы
|
| 610 |
1 |
|
|a теория
|
| 610 |
1 |
|
|a экспериментальная техника
|
| 610 |
1 |
|
|a легкие элементы
|
| 675 |
|
|
|a 543.52
|v 3
|
| 700 |
|
1 |
|a Вандекастеле
|b К.
|g Карло
|
| 801 |
|
0 |
|a RU
|b 63413507
|c 20011210
|g PSBO
|
| 801 |
|
2 |
|a RU
|b 63413507
|c 20141218
|g PSBO
|
| 900 |
|
|
|a Физические методы анализа
|
| 900 |
|
|
|a Ядерно-физические методы анализа
|
| 942 |
|
|
|c BK
|